Discworld Title Match Quiz Stats

 Plays Quiz Updated Mar 12, 2015

Also try: U.K. Author Match
Challenge
Share
Tweet
Score 0/30 Timer 04:00
0 Plays Today
% Correct
The Amazing Maurice and
94%
Guards!
93.9%
Lords and
91.2%
The Colour of
89.4%
Going
88.2%
A Hat
86.2%
Men at
86.1%
Feet of
85.8%
Carpe
85.5%
The Fifth
84.3%
The Light
83.6%
Equal
83.4%
Wyrd
83.1%
Thief of
82.8%
Moving
82.2%
% Correct
Night
82.2%
Small
80.7%
Witches
80.4%
Making
80%
Interesting
80%
The Last
79.2%
Soul
78.9%
The Wee
78.8%
Reaper
78.7%
Unseen
77.9%
The Last
76.8%
Monstrous
75.1%
I Shall Wear
73.7%
Raising
72.2%
The
67.3%

You're not logged in!

Compare scores with friends on all Sporcle quizzes.
OR
Log In

You Might Also Like...

Show Comments

Extras

Top Quizzes Today


Score Distribution

Your Account Isn't Verified!

In order to create a playlist on Sporcle, you need to verify the email address you used during registration. Go to your Sporcle Settings to finish the process.

Report this User

Report this user for behavior that violates our Community Guidelines.

Details: